| 000 | 01040cam a22002655a 4500 | ||
|---|---|---|---|
| 001 | 17963720 | ||
| 005 | 20161107124906.0 | ||
| 008 | 131204t2014 si a frb 101 0 eng d | ||
| 020 | _a9789814513463 | ||
| 040 |
_aIEN/DLC _beng _cIEN _dEG-ScBUE |
||
| 082 | 0 | 4 |
_a332.015195 _222 _bECO |
| 110 | 2 |
_aAfrican Econometric Society. _bAnnual Conference _n(15th : _d2010 : _cCairo, Egypt) |
|
| 245 | 1 | 0 |
_aEconometric methods and their applications in finance, macro and related fields / _ceditors Kaddour Hadri, William Mikhail. |
| 260 |
_aSingapore ; _aHackensack ; _aLondon : _bWorld Scientific ; _aCairo : _bThe American University : _bCIB, _cc.2014. |
||
| 300 |
_aix, 605 p. : _bill. ; _c24 cm. |
||
| 500 | _aIndex : p.587-605. | ||
| 504 | _aIncludes bibliographical references. | ||
| 650 | 7 |
_aFinance _xEconometric models _vCongresses. _2BUEsh |
|
| 650 | 0 |
_aEconometrics _vCongresses. _2BUEsh |
|
| 651 | _2BUEsh | ||
| 653 |
_bBUSECO _cNovember2016 |
||
| 700 | 1 |
_aHadri, K. _q(Kaddour) _eeditor. |
|
| 700 | 1 |
_aMikhail, William, _eeditor. |
|
| 942 | _2ddc | ||
| 999 |
_c23055 _d23027 |
||